Crítica de la razón pura.
Saved in:
| Hovedforfatter: | |
|---|---|
| Andre forfattere: | |
| Format: | Ukendt |
| Sprog: | engelsk |
| Udgivet: |
Ciudad Autónoma de Buenos Aires, Argentina:
Ediciones Colihue,
2022.
|
| Udgivelse: | 1ª ed. |
| Serier: | Colihue Clásica.
|
| Fag: | |
| Tags: |
Tilføj Tag
Ingen Tags, Vær først til at tagge denne postø!
|
MARC
| LEADER | 00000 a2200000 4500 | ||
|---|---|---|---|
| 003 | CL-VaPUC | ||
| 005 | 20241127084745.0 | ||
| 008 | 231103t2022 ||||| |||| 00| 0 eng d | ||
| 999 | |c 441850 |d 441848 | ||
| 020 | |a 978-987-748-101-3 | ||
| 040 | |c Pontificia Universidad Católica de Valparaíso | ||
| 082 | |a 142.3 KAN 2022 | ||
| 100 | |a Kant, Immanuel, |d 1724-1804 |e autor |9 858687 | ||
| 245 | |a Crítica de la razón pura. | ||
| 250 | |a 1ª ed. |b Nueva edición corregida y ampliada. | ||
| 260 | |a Ciudad Autónoma de Buenos Aires, Argentina: |b Ediciones Colihue, |c 2022. | ||
| 300 | |a XCVII, 674 páginas. | ||
| 490 | |a Colihue Clásica. | ||
| 583 | |k GC |c 20231103 | ||
| 650 | 0 | |a Teoría del conocimiento |9 255038 | |
| 650 | 0 | |a Filosofía alemana |9 265002 | |
| 650 | 0 | |a Razón |9 314475 | |
| 700 | |a Caimi, Mario |9 862025 |e traductor |e notas |e introducción | ||
| 942 | |2 ddc |c BK | ||
| 952 | |0 0 |1 0 |2 ddc |4 0 |6 142_300000000000000_KAN_2022 |7 0 |8 R |9 592260 |a BIBEDU |b BIBEDU |c MCIRC |d 2023-11-03 |e 3 |g 40316.50 |i 5659280 |l 7 |m 1 |o 142.3 KAN 2022 |p 5659280 |r 2024-12-02 |s 2024-11-20 |t 2 |v 40316.50 |w 2023-11-03 |y BK_R |k FIL | ||
| 952 | |0 0 |1 0 |2 ddc |4 0 |6 142_300000000000000_KAN_2022 |7 0 |8 R |9 592261 |a BIBEDU |b BIBEDU |c MCIRC |d 2023-11-03 |e 3 |g 40316.50 |i 5659279 |l 3 |m 1 |o 142.3 KAN 2022 |p 5659279 |r 2024-12-11 |s 2024-12-05 |t 1 |v 40316.50 |w 2023-11-03 |y BK_R |k FIL | ||